Statistics for Countries Larger Than Greenland

Click here to take the quiz!

General Stats

  • This quiz has been taken 66 times
  • The average score is 11 of 11

Answer Stats

Size(Km)CountrySize(mi)% Correct
9,984,670Canada3,855,101
100%
9,706,961China3,747,877
100%
17,098,242Russia6,601,665
100%
9,372,610United States of America3,618,783
100%
8,515,767Brazil3,287,955
98%
7,692,024Australia2,969,906
97%
3,287,590India1,269,345
97%
2,780,400Argentina1,073,518
94%
2,381,741Algeria919,595
89%
2,724,900Kazakhstan1,052,089
89%
2,344,858Democratic Republic of the Congo905,354
86%

Score Distribution

Percentile by Number Answered

Percent of People with Each Score

Your Score History

You have not taken this quiz